日付を含む駅名 - Statistics

General Stats
  • This quiz has been taken 353 times
  • The average score is 15 of 31
Answer Stats
Hint Answer % Correct
CJ11 四日市
90%
OR15 八日市
87%
JR-R06 五日市
81%
十日町
79%
六日町
78%
JB08 二日市
77%
JR-R07 廿日市
77%
JH20 十日市場
76%
FJ09 十日市場
76%
八日市場
69%
L32 三日市
67%
E21/K21 近鉄四日市
65%
JC86 武蔵五日市
60%
七日町
59%
CJ12 南四日市
46%
37 一日市場
45%
T13 西鉄二日市
41%
NK70 三日市町
40%
五日町
40%
あすなろう四日市
32%
OR16 新八日市
29%
M32 広電廿日市
26%
M33 廿日市市役所前
23%
M28 広電五日市
21%
M12/Y1 十日市町
17%
IS04 三島二日町
13%
三日月
10%
備後三日市
9%
岩手二日町
7%
T28 東三日市
7%
上州七日市
4%
No matching quizzes found
Score Distribution
Percent of People with Each Score
Percentile by Number Answered
Your Score History
You have not taken this quiz